000 00258nam a2200109Ia 4500
999 _c8848
_d8848
020 _a978-0130910134
100 _aKip R. Irvine
245 0 _aAssembly Language For Intel Based Computers
260 _aNew Delhi
_bViva Books
_c2000
300 _a395
942 _cBK